000 00671cam a22002291 4500
001 9416791
003 OSt
005 20210920154403.0
008 750603s1967 xx 000 0 eng
010 _a 67013000
035 _a(OCoLC)1371074
040 _aDDC
_cHU
_dOCoLC
_dDLC
050 0 0 _aGV885.3
_b.V3
082 0 0 _a796.32/RYS
100 1 _aVan Ryswyk, Ron
_95218
245 1 0 _aBall control offense and disciplined defense in basketball.
260 _aWest Nyack, N.Y.,
_bParker Pub. Co.,
_c[1967]
300 _axi. 209 p.
_billus.
_c24 cm.
650 0 _aBasketball
_xCoaching.
_95219
906 _a7
_bcbc
_coclcrpl
_du
_encip
_f19
_gy-gencatlg
942 _2ddc
_cBOOKS
_n0
999 _c5171
_d5171